000 00560nam a2200169 i 4500
001 149721
003 ES-MaACL
005 20230906203228.0
007 t|
008 071024s1959 sp ||||1| spa d
100 1 _aVatsuro, E. G.
_9113300
245 1 3 _aLa doctrina de Pavlov sobre la actividad nerviosa superior /
_cE. G. Vatsuro ; traducción directa del ruso por J. Lain Entralgo.
260 _aBarcelona :
_bVergara,
_c1959.
300 _a206 p., 16 lám. ;
_c18 cm.
700 1 _aLaín Entralgo, José.
_969679
852 _aES-MaACL
_jC-16613
_bR.44458
999 _c149721
_d149721